00731nam a2200229 a 4500001001300000003000900013005001700022008004100039020002300080082001600103100001800119245008000137260004500217300000900262500003500271505003000306700001800336902000800354942000700362952011700369999001500486nice12345678IN_TiNIC20260116012323.0050524s1994 dela grp 000 0 eng  a8185618070 c12500a954.04bBRA aBrass, Paul R aPolitics of India Since Independence(the New Cambridge History of India IV- aDelhibCambridge University Press c1994 a357p aincludes index and biblioraphy2 aAppendices, Biblio, Index1 aBrass, Paul R bSRS cBK 001040708StackRoom-aHMIbHMId2013-07-05g125.00l0o954.04 BRAp014663r2013-07-05v125.00w2005-05-24yBK c6541d6541